| 000 | 00452nam a2200157 i 4500 | ||
|---|---|---|---|
| 001 | bg | ||
| 100 | 1 | _aŁYPACEWICZ, Stanisław | |
| 245 | 0 |
_aKierownik i zespół / _cStanisław Łypacewicz. |
|
| 250 | _aWyd.2. | ||
| 260 |
_aWarszawa, _c1973. |
||
| 040 | _cBPK | ||
| 041 | _apol | ||
| 942 | _cKS | ||
| 008 | s pl f |000 0 pol | ||
| 856 |
_uhttp://koha.tu.koszalin.pl/cgi-bin/koha/opac-detail.pl?biblionumber=26785 _yKatalog online BPK |
||
| 999 |
_c26785 _d26785 |
||